Private equity, corporate governance and the dynamics of capital market regulation / (Record no. 11439)
[ view plain ]
| 000 -LEADER | |
|---|---|
| fixed length control field | 01320cam a2200301 a 4500 |
| 001 - CONTROL NUMBER | |
| control field | 15034291 |
| 005 - DATE AND TIME OF LATEST TRANSACTION | |
| control field | 20080402142359.0 |
| 008 - FIXED-LENGTH DATA ELEMENTS--GENERAL INFORMATION | |
| fixed length control field | 071004s2007 enk b 000 0 eng |
| 010 ## - LIBRARY OF CONGRESS CONTROL NUMBER | |
| LC control number | 2007040767 |
| 020 ## - INTERNATIONAL STANDARD BOOK NUMBER | |
| International Standard Book Number | 9781860948473 |
| 020 ## - INTERNATIONAL STANDARD BOOK NUMBER | |
| International Standard Book Number | 1860948472 |
| 035 ## - SYSTEM CONTROL NUMBER | |
| System control number | (OCoLC)ocn173809046 |
| 035 ## - SYSTEM CONTROL NUMBER | |
| System control number | (OCoLC)173809046 |
| Canceled/invalid control number | (OCoLC)173808058 |
| 040 ## - CATALOGING SOURCE | |
| Original cataloging agency | DLC |
| Transcribing agency | DLC |
| Modifying agency | YDX |
| -- | BAKER |
| -- | YDXCP |
| -- | BTCTA |
| -- | DLC |
| 050 00 - LIBRARY OF CONGRESS CALL NUMBER | |
| Classification number | HD2741 |
| Item number | .P765 2007 |
| 082 00 - DEWEY DECIMAL CLASSIFICATION NUMBER | |
| Classification number | 332.042 |
| Edition number | 22 |
| Item number | PRI |
| 245 00 - TITLE STATEMENT | |
| Title | Private equity, corporate governance and the dynamics of capital market regulation / |
| Statement of responsibility, etc | editor, Justin O'Brien. |
| 260 ## - PUBLICATION, DISTRIBUTION, ETC. (IMPRINT) | |
| Place of publication, distribution, etc | London : |
| Name of publisher, distributor, etc | Imperial College Press ; |
| Place of publication, distribution, etc | Singapore ; |
| -- | Hackensack, NJ : |
| Name of publisher, distributor, etc | Distributed by World Scientific, |
| Date of publication, distribution, etc | c2007. |
| 300 ## - PHYSICAL DESCRIPTION | |
| Extent | xii, 411 p. ; |
| Dimensions | 24 cm. |
| 504 ## - BIBLIOGRAPHY, ETC. NOTE | |
| Bibliography, etc | Includes bibliographical references (p. 371-411). |
| 650 #0 - SUBJECT ADDED ENTRY--TOPICAL TERM | |
| Topical term or geographic name as entry element | Corporate governance. |
| 9 (RLIN) | 4335 |
| 650 #0 - SUBJECT ADDED ENTRY--TOPICAL TERM | |
| Topical term or geographic name as entry element | Private equity. |
| 9 (RLIN) | 4336 |
| 650 #0 - SUBJECT ADDED ENTRY--TOPICAL TERM | |
| Topical term or geographic name as entry element | Capital market |
| General subdivision | Law and legislation. |
| 9 (RLIN) | 4337 |
| 700 1# - ADDED ENTRY--PERSONAL NAME | |
| Personal name | O'Brien, Justin. |
| 9 (RLIN) | 4338 |
| 942 ## - ADDED ENTRY ELEMENTS (KOHA) | |
| Source of classification or shelving scheme | Dewey Decimal Classification |
| Item type | Book - Borrowing |
| Withdrawn status | Item status | Source of classification or shelving scheme | Damaged status | Not for loan | Vendor | Home library | Current library | Shelving location | Date acquired | Source of acquisition | Cost, normal purchase price | Serial Enumeration / chronology | Total Checkouts | Total Renewals | Full call number | Barcode | Date last seen | Date last borrowed | Koha item type |
|---|---|---|---|---|---|---|---|---|---|---|---|---|---|---|---|---|---|---|---|
| Dewey Decimal Classification | Academic Bookshop | Central Library | Central Library | First floor | 27/04/2009 | 575.00 | 367 | 1 | 1 | 332.042 PRI | 000016079 | 15/07/2025 | 13/04/2010 | Book - Borrowing |